000 00561nam a2200217Ia 4500
008 170918s9999 xx 000 0 und d
020 _a43924224x
050 _bM158 2003
100 _aMcKissack, Patricia C.
245 _aItching and twitching :
245 _ba Nigerian folklore /
245 _cPatricia C. McKissack and Robert McKissack.
260 _aNew York :
260 _bScholastic,
260 _c2003
300 _aunpaged :
300 _bcolored illustration ;
300 _c23cm.
440 _aHello reader! Level 4.
500 _a340
999 _c341318
_d341318